01009nam a22002652 450000100060000000300080000600500170001400800410003102000150007203500190008704000270010604100080013308200160014110000510015724500520020826000580026030000340031850400510035260000680040360000500047165000550052194200120057699900170058895201380060520917BD-RjUL20211209000628.0140302s1982 caua b 001 0beng  a0804710910 a(BD-RjUL)20979 aDLCcDLCdBD-RjULbeng aeng00a822.9122191 aSilver, Arnold .d1927-qArnold Silver.96460510aBernard Shaw, the darker side /cArnold Silver. aStanford, Calif. :bStanford University Press,c1982. axii, 353 p. :bill. ;c24 cm. aIncludes bibliographical references and index.10aShaw, Bernard,d1856-1950xCriticism and interpretation.96462110aShaw, Bernard,d1856-1950xPsychology.964622 0aDramatists, Irishy20th centuryvBiography.964608 2ddccBK c20917d20917 00102ddc40728FICaRUCLbRUCLcReadingd1990-08-11eAsia foundationl0o822.912 SIB 1982r2014-03-02 00:00:00tC-1w2014-03-02yBK